Quiz sur Ariana Grande - Statistiques

Statistiques générales
  • Ce quiz a été pris 1 005 fois
    957 depuis la dernière actualisation
  • Le résultat moyen est 5 sur 11
Statistiques - réponses
Questions Réponses % Correct
Signe astrologique Cancer
84%
Nationalité Américaine
67%
Origine Italienne
60%
Époux Dalton Gomez
58%
Date de naissance 26 juin 1993
45%
Taille 1m53
42%
Nom de naissance Ariana Grande Butera
42%
Maman Joan Grande
31%
Âge 27 ans
26%
Papa Edward Butera
20%
Lieu de naissance Boca Raton en Floride (États-Unis)
0%
Aucun quiz correspondant
Distribution des résultats
% des personnes avec chaque résultat
Percentile par nombre de réponses
Votre historique - résultats
Vous n’avez pas pris ce quiz depuis la dernière actualisation